Life on the highest plane; (Record no. 23122)
[ view plain ]
| 000 -LEADER | |
|---|---|
| fixed length control field | 00657nam a2200145 4500 |
| 008 - FIXED-LENGTH DATA ELEMENTS--GENERAL INFORMATION | |
| fixed length control field | 050505s1928 nyu 000 0 eng |
| 090 ## - LOCALLY ASSIGNED LC-TYPE CALL NUMBER (OCLC); LOCAL CALL NUMBER (OCLC) | |
| Classification number (OCLC) (R) ; Classification number, CALL (RLIN) (NR) | BV4501 |
| Local cutter number (OCLC) ; Book number/undivided call number, CALL (RLIN) | P28l |
| 100 1# - MAIN ENTRY--PERSONAL NAME | |
| Personal name | Paxson, Ruth. |
| 245 10 - TITLE STATEMENT | |
| Title | Life on the highest plane; |
| Remainder of title | a study of the spiritual nature and needs of man, |
| Statement of responsibility, etc | by Ruth Paxson. |
| 260 ## - PUBLICATION, DISTRIBUTION, ETC. (IMPRINT) | |
| Place of publication, distribution, etc | New York, |
| -- | Chicago : |
| Name of publisher, distributor, etc | Fleming H. Revell, |
| Date of publication, distribution, etc | [c1928] |
| 300 ## - PHYSICAL DESCRIPTION | |
| Extent | 3 v. : |
| Other physical details | illus. |
| Dimensions | 20 cm. |
| 505 0# - FORMATTED CONTENTS NOTE | |
| Formatted contents note | I. The person and work of Christ.--II. The relation between Christ and the Christian.--III. The believer's response to the Holy Spirit's inworking. |
| 650 #4 - SUBJECT ADDED ENTRY--TOPICAL TERM | |
| Topical term or geographic name as entry element | Christian life. |
| 951 ## - EQUIVALENCE OR CROSS-REFERENCE-GEOGRAPHIC NAME/AREA NAME [OBSOLETE] [CAN/MARC only] | |
| General subdivision | 00006172 |
| 951 ## - EQUIVALENCE OR CROSS-REFERENCE-GEOGRAPHIC NAME/AREA NAME [OBSOLETE] [CAN/MARC only] | |
| -- | 261 |
| -- | BV4501/P28l-I |
| -- | 070613111451203 |
| -- | 2000-12-21 |
| -- | GC |
| Withdrawn status | Lost status | Damaged status | Not for loan | Home library | Current library | Shelving location | Date acquired | Accession number | Shelving control number | Total Checkouts | Full call number | Barcode | Date last seen | Price effective from | Koha item type |
|---|---|---|---|---|---|---|---|---|---|---|---|---|---|---|---|
| BSOP Library | BSOP Library | GC | 12/21/2000 | 261 | 127 | BV4501/P28l-I | 00006172 | 02/23/2013 | 02/23/2013 | Books |
